Puf a Muf kreslené čiernobiele rozprávky o dvoch nezbedných kocúroch 2. séria

Podrobná bibliografia
Ďalší autori: Kubal, Viktor, 1923-1997 (Autor dialógov), Tanská, Nataša, 1929-2014 (Autor dialógov)
Médium: Kniha
Jazyk:slovenčina
Fyzický popis:1 videokazeta (52 min.) stereo, čiernob. VHS systém PAL 10x19 cm
Vydavateľské údaje: Bratislava Slovenská televízia 1999
Predmet:

MARC

LEADER 00000nam a2200000 a 4500
001 vtls001387272
003 SK-MaSNL
005 20260301161523.0
008 160624s1999 xo 0 slo
015 |a SNBJ2000/02-00284 
035 |a SNK000341459 
040 |a SNK  |b slo  |c SNK  |e AACR2 
041 0 |a slo 
044 |a xo  |c SK 
080 |a 791.43(437.6)(086.8)  |2 1981 
245 1 |a Puf a Muf  |h videozáznam  |b kreslené čiernobiele rozprávky o dvoch nezbedných kocúroch  |n 2. séria  |c réžia Viktor Kubal st. ; scenár Nataša Tánska 
260 |a Bratislava  |b Slovenská televízia  |c 1999 
300 |a 1 videokazeta (52 min.)  |b stereo, čiernob. VHS systém PAL  |c 10x19 cm 
650 0 7 |a animované filmy  |2 SNKPH  |9 3171 
655 7 |a videokazety  |2 SNKPH  |9 70726 
700 1 |a Kubal, Viktor,  |d 1923-1997  |4 aud  |9 111639 
700 1 |a Tanská, Nataša,  |d 1929-2014  |4 aud  |9 158275 
999 |c 809791  |d 811721 
952 |t P60, <03>, [BOOK], {603}  |a SNK  |b SNK  |y PREZ  |7 0  |p 17A0234095  |o snkSVC 1248/2  |i snkJK 177/2000  |0 0  |1 0  |4 0  |d 2000-04-18  |l 0  |r 2005-01-02 00:00:00  |w 2026-02-24